IFM Opac

Internet Research Skills (Record no. 19146)

MARC details
000 -LEADER
fixed length control field 00337nam a22001337a 4500
020 ## - INTERNATIONAL STANDARD BOOK NUMBER
International Standard Book Number 9781412911139
082 ## - DEWEY DECIMAL CLASSIFICATION NUMBER
Classification number 001.420 285 467 8 ODO
100 ## - MAIN ENTRY--PERSONAL NAME
Personal name Dochartaigh O.Niall
245 ## - TITLE STATEMENT
Title Internet Research Skills
260 ## - PUBLICATION, DISTRIBUTION, ETC.
Place of publication, distribution, etc. LONDON
Name of publisher, distributor, etc. SAGE
Date of publication, distribution, etc. 2007
300 ## - PHYSICAL DESCRIPTION
Extent x,169p
Other physical details ill.;24CM
500 ## - GENERAL NOTE
General note INCLUDES BIBLIOGRAPHY AND INDEX
942 ## - ADDED ENTRY ELEMENTS (KOHA)
Koha item type Books
Holdings
Withdrawn status Lost status Source of classification or shelving scheme Damaged status Not for loan Home library Current library Shelving location Date acquired Full call number Barcode Date last seen Price effective from Koha item type
    Dewey Decimal Classification     IFM Main Campus Library IFM Main Campus Library   10/13/2017 001.420 285 467 8 ODO 0000026094 10/13/2017 02/19/2022 Books